6-Letter Geography Challenge Quiz Stats

Quiz Updated Aug 26, 2015

Challenge
Share
Tweet
Embed
Score 0/90 Timer 12:00
11 Plays Today
% Correct
France
87.9%
Russia
87%
London
86.8%
Canada
86.3%
Kansas
85.9%
Alaska
85.3%
Sweden
85.2%
Oregon
85.1%
Hawaii
84.8%
Norway
84.5%
Mexico
84.3%
Brazil
83.6%
Greece
83.3%
Moscow
82.1%
Nevada
82%
Poland
81.4%
Israel
81.1%
Turkey
80.8%
Berlin
80.8%
Jordan
80.5%
Madrid
80.2%
Latvia
79.3%
Lisbon
78.1%
Zambia
77.4%
Monaco
77.4%
Monaco
77.4%
Panama
77.4%
Bhutan
77.1%
Belize
77%
Angola
76.3%
% Correct
Athens
75.9%
Uganda
75.3%
Guyana
75.2%
Kosovo
75.2%
Warsaw
75.1%
Guinea
74.8%
Dublin
74.6%
Kuwait
74.5%
Serbia
74.5%
Austin
74.4%
Rwanda
74.3%
Ottawa
73.8%
Ankara
73.8%
Tuvalu
72.8%
Albany
72.3%
Taiwan
72.2%
Boston
72.2%
Brunei
71.6%
Cyprus
71.3%
Denver
70.3%
(The) Gambia
69.7%
Vienna
69.3%
Malawi
66.1%
Zagreb
66.1%
Prague
65.3%
Juneau
64.6%
Havana
64.6%
Tehran
64%
Bogotá
63.2%
Pierre
63.1%
% Correct
Astana
63%
Manila
62.7%
Taipei
62.7%
Topeka
62.2%
Helena
61.9%
Beirut
59.7%
Luanda
59.3%
Muscat
57.9%
Maputo
57.5%
Manama
57.1%
Lusaka
56.8%
Asmara
56.5%
Tirana
56.2%
Riyadh
55%
Banjul
54.8%
Bangui
54.6%
Bamako
53.9%
Bissau
53.5%
Kigali
53.4%
Nassau
53.4%
Skopje
53.1%
Harare
53.1%
Maseru
52.4%
Moroni
51.8%
Malabo
50.9%
Dodoma
50.5%
Majuro
50.1%
Niamey
48.9%
Roseau
46.3%
Tarawa
46.3%

You're not logged in!

Compare scores with friends on all Sporcle quizzes.
Join for Free
OR
Log In

You Might Also Like...

Show Comments

Extras

Top Quizzes Today


Score Distribution

Your Account Isn't Verified!

In order to create a playlist on Sporcle, you need to verify the email address you used during registration. Go to your Sporcle Settings to finish the process.

Report this User

Report this user for behavior that violates our Community Guidelines.

Details: